L'art égyptien; Choix de documents accompagnés d'indications bibliographiques /

محفوظ في:

المؤلف الرئيسي: Capart, Jean, 1877-1947.

التنسيق: كتاب

اللغة: French

منشور في: Bruxelles : Vromant, 1909-1911.

الموضوعات:

الوسوم: إضافة وسم

لا توجد وسوم, كن أول من يضع وسما على هذه التسجيلة!

رقم الطلب: N5350 .C28 v.1-2

LEADER 00633nam a2200205Ia 4500
003 OSt
005 20250820083152.0
008 791010m19091911be a 000 0 fre d
040 |c ARCE Library 
050 4 |a N5350 .C28 v.1-2 
100 1 |a Capart, Jean,  |d 1877-1947. 
245 1 2 |a L'art égyptien;   |b Choix de documents accompagnés d'indications bibliographiques /   |c par Jean Capart. 
264 1 |a Bruxelles :   |b Vromant,   |c 1909-1911. 
300 |a 2 volumes :   |b illustrations ;   |c 23 cm. 
650 0 |a Art   |z Egypt. 
650 0 |a Art, Egyptian. 
651 0 |a Egypt   |x Antiquities. 
901 |a reviewed 
942 |2 lcc  |c BK 
999 |c 47433  |d 47433